000 00789cam a2200229 a 4500
001 sa 68011405
003 DLC
005 20260227112559.0
008 900202s1968 ii 000 0 hino
010 _asa 68011405
025 _aPL480:I-H-5882
035 _a(OCoLC)20989338
040 _aDLC
_cDLC
050 0 0 _aPK1939
_b.V25 1968
100 1 _aVajpeyi, Kishoridas.
245 1 0 _aHindī kī vartanī tathā śabda-viśleshaṇa :
_bbhāshā kī prakr̥ti, vyākaraṇa evaṃ bhāshā-vijñāna ke ādhāra para Hindī vartanī ke svarūpa kā vicecana /
_cKiśorīdāsa Vājapeyī.
250 _a1. saṃskaraṇa.
260 _aNaī Dillī :
_bRājadhānī Granthāgāra,
_c1968.
300 _a4, 127 p. ;
_c18 cm.
546 _aIn Hindi.
650 0 _aHindi language
_xEtymology.
999 _c83870
_d83870